Eire Area codes - Map Quiz - Statistics

General Stats
  • This quiz has been taken 15 times
  • The average score is 35 of 49
Answers on the Map
Answers color-coded by a green-red scale on the quiz's map according to % correct below.
 
Answer Stats
Answer % Correct
01
100%
021
80%
022
80%
025
80%
027
80%
028
80%
0402
80%
0404
80%
041
80%
042
80%
043
80%
045
80%
046
80%
049
80%
0504
80%
0505
80%
052
80%
053
80%
061
80%
065
80%
066
80%
068
80%
071
80%
074
80%
090
80%
094
80%
095
80%
096
80%
098
80%
099
80%
024
60%
044
60%
047
60%
051
60%
056
60%
057
60%
058
60%
059
60%
062
60%
064
60%
069
60%
091
60%
093
60%
097
60%
023
40%
026
40%
029
40%
063
40%
067
40%
No matching quizzes found
Score Distribution
Percent of People with Each Score
Percentile by Number Answered
Your Score History
You have not taken this quiz